000 00427nam a22001817a 4500
003 MPLRDC
005 20220104114253.0
008 210129b ||||| |||| 00| 0 eng d
020 _a962-447-089-8
082 _a292 SYXL v.17
100 _a阿乐
245 _a铁板神数趣谈
_c
260 _a
_b勤加缘出版社
_c1992
300 _b
490 _a实用系列. 17
650 _a占卜
942 _cBK
_o292 SYXL v.17
999 _c6175
_d6165